Từ diển tế bào học, mô học, phôi học Nga - Việt

Đã lưu trong:
Bibliografiske detaljer
Hovedforfatter: Phạm Phan Địch
Format: Bog
Sprog:Undetermined
Udgivet: Hà Nội Y học 1986
Fag:
Tags: Tilføj Tag
Ingen Tags, Vær først til at tagge denne postø!
Thư viện lưu trữ: Trung tâm Học liệu Trường Đại học Cần Thơ
LEADER 00562nam a2200181Ia 4500
001 CTU_3463
008 210402s9999 xx 000 0 und d
082 |a 574.03 
082 |b Đ302 
100 |a Phạm Phan Địch 
245 0 |a Từ diển tế bào học, mô học, phôi học Nga - Việt 
245 0 |c Phạm Phan Địch, Trương Đình Kiệt 
260 |a Hà Nội 
260 |b Y học 
260 |c 1986 
650 |a biology - terminology 
904 |i Minh, 960909 
980 |a Trung tâm Học liệu Trường Đại học Cần Thơ